[Event "CZE-chT2D 1213"]
[Site "Czech Republic"]
[Date "2013.03.03"]
[Round "10.2"]
[White "Mojzis, Jan"]
[Black "Spacek, Libor"]
[Result "1/2-1/2"]
[WhiteElo "2136"]
[BlackElo "2208"]
[PlyCount "43"]
[EventDate "2012.10.14"]
[EventType "team-tourn"]
[EventRounds "11"]
[EventCountry "CZE"]
[SourceTitle "EXT 2016"]
[Source "ChessBase"]
[SourceDate "2015.10.08"]
[SourceVersion "1"]
[SourceVersionDate "2015.10.08"]
[SourceQuality "1"]
[WhiteTeam "Nachod"]
[BlackTeam "Hradec Kralove II"]
[WhiteTeamCountry "CZE"]
[BlackTeamCountry "CZE"]

1. e4 c5 2. Nf3 Nc6 3. d4 cxd4 4. Nxd4 Nf6 5. Nc3 g6 6. Be3 d6 7. f3 Bd7 8. Qd2 a6 9. g4 Rc8 10. g5 Nh5 11. Nd5 e6 12. Nxc6 Rxc6 13. Bd4 e5 14. Bc3 Be6 15. f4 Bg7 16. 0-0-0 0-0 17. fxe5 Bxd5 18. exd5 Rxc3 19. Qxc3 Bxe5 20. Qb3 Qxg5+ 21. Kb1 b5 22. Bd3 1/2-1/2

[Event "Olomouc op"]
[Site "Olomouc"]
[Date "2009.08.07"]
[Round "3"]
[White "Chernyshov, Konstantin"]
[Black "Mojzis, Jan"]
[Result "1-0"]
[WhiteElo "2555"]
[BlackElo "2122"]
[PlyCount "101"]
[EventDate "2009.08.05"]
[EventType "swiss"]
[EventRounds "9"]
[EventCountry "CZE"]
[SourceTitle "CBM 131 Extra"]
[Source "ChessBase"]
[SourceDate "2009.09.03"]
[SourceVersion "2"]
[SourceVersionDate "2009.09.16"]
[SourceQuality "1"]

1. d4 d5 2. Bg5 c6 3. e3 Qb6 4. b3 Bf5 5. Bd3 Bxd3 6. Qxd3 Nd7 7. Nf3 Ngf6 8. Nbd2 e6 9. 0-0 Bd6 10. c4 Qa6 11. Bxf6 Nxf6 12. e4 dxe4 13. Nxe4 Be7 14. a4 0-0 15. Rad1 Rad8 16. Nc3 Bb4 17. Na2 Qa5 18. Qc2 c5 19. dxc5 Bxc5 20. Nc1 Qc7 21. Nd3 a5 22. h3 h6 23. Rfe1 b6 24. Kf1 Rfe8 25. Qe2 Rd6 26. Nxc5 bxc5 27. Rxd6 Qxd6 28. Rd1 Qb6 29. Rd3 Rd8 30. Ne5 Kf8 31. g3 Rxd3 32. Qxd3 Ke7 33. h4 h5 34. Qe3 Ng4 35. Qg5+ Ke8 36. Qxg7 Nxe5 37. Qxe5 Qxb3 38. Qxc5 Qxa4 39. Kg2 Qb4 40. Qc6+ Kd8 41. g4 a4 42. gxh5 a3 43. h6 Qb2 44. c5 a2 45. Qd6+ Ke8 46. c6 f5 47. Qxe6+ Kf8 48. Qxf5+ Kg8 49. Qg6+ Kh8 50. c7 a1Q 51. c8Q# 1-0

[Event "Nachod op"]
[Site "Nachod"]
[Date "2009.07.11"]
[Round "8"]
[White "Mojzis, Jan"]
[Black "Kozak, Milos"]
[Result "1/2-1/2"]
[WhiteElo "2122"]
[BlackElo "2212"]
[PlyCount "52"]
[EventDate "2009.07.04"]
[EventType "swiss"]
[EventRounds "9"]
[EventCountry "CZE"]
[SourceTitle "CBM 131 Extra"]
[Source "ChessBase"]
[SourceDate "2009.09.03"]
[SourceVersion "2"]
[SourceVersionDate "2009.09.16"]
[SourceQuality "1"]

1. e4 c6 2. d4 d5 3. e5 Bf5 4. Be3 e6 5. Nd2 Nd7 6. c3 f6 7. f4 Nh6 8. Be2 fxe5 9. fxe5 Nf7 10. g4 Bg6 11. h4 h6 12. Nh3 Qxh4+ 13. Bf2 Qe7 14. Nf4 Bh7 15. Nf3 g5 16. Nh5 0-0-0 17. b4 Kb8 18. Bg3 Ka8 19. Bd3 Rc8 20. Bxh7 Rxh7 21. Qd3 Nd8 22. 0-0 Rf7 23. a4 Bg7 24. a5 Nf8 25. Ra2 Rc7 26. Rh2 Bh8 1/2-1/2

[Event "Nachod op"]
[Site "Nachod"]
[Date "2009.07.08"]
[Round "5"]
[White "Sladek, Oldrich"]
[Black "Mojzis, Jan"]
[Result "1/2-1/2"]
[WhiteElo "1888"]
[BlackElo "2122"]
[PlyCount "52"]
[EventDate "2009.07.04"]
[EventType "swiss"]
[EventRounds "9"]
[EventCountry "CZE"]
[SourceTitle "CBM 131 Extra"]
[Source "ChessBase"]
[SourceDate "2009.09.03"]
[SourceVersion "2"]
[SourceVersionDate "2009.09.16"]
[SourceQuality "1"]

1. d4 d5 2. c4 e6 3. Nc3 c5 4. dxc5 d4 5. Ne4 e5 6. e3 Bf5 7. Bd3 Nc6 8. Nf3 Nf6 9. Nd6+ Bxd6 10. Bxf5 Bxc5 11. exd4 exd4 12. Qe2+ Be7 13. 0-0 0-0 14. a3 a5 15. Bf4 Re8 16. Qc2 g6 17. Bd3 Nh5 18. Bd2 Qd6 19. Rac1 b6 20. Rfe1 Rad8 21. Re2 Bf8 22. Rce1 Rxe2 23. Rxe2 Bg7 24. Qb3 Ne5 25. Nxe5 Bxe5 26. g3 Qc5 1/2-1/2

[Event "Liberec op 09th"]
[Site "Liberec"]
[Date "2008.11.18"]
[Round "5"]
[White "Mojzis, Jan"]
[Black "Byhan, Gert"]
[Result "1/2-1/2"]
[WhiteElo "2157"]
[BlackElo "2023"]
[PlyCount "47"]
[EventDate "2008.11.15"]
[EventType "swiss"]
[EventRounds "9"]
[EventCountry "CZE"]
[SourceTitle "CBM 127 Extra"]
[Source "ChessBase"]
[SourceDate "2009.01.08"]
[SourceVersion "2"]
[SourceVersionDate "2009.01.28"]
[SourceQuality "1"]

1. e4 d5 2. e5 c5 3. d4 Nc6 4. c3 Bf5 5. Nf3 e6 6. dxc5 Bxc5 7. b4 Bb6 8. b5 Nb8 9. Be2 Ne7 10. 0-0 0-0 11. Bb2 Nd7 12. Nbd2 Rc8 13. Rc1 Ng6 14. c4 Nc5 15. Nb3 Nf4 16. Nxc5 Bxc5 17. cxd5 Nxe2+ 18. Qxe2 Qxd5 19. Rfd1 Qxa2 20. Ra1 Qb3 21. Nd4 Bxd4 22. Bxd4 Rc2 23. Qf1 h6 24. Rxa7 1/2-1/2

[Event "Pardubice op-A"]
[Site "Pardubice"]
[Date "2006.07.22"]
[Round "2"]
[White "Krumpacnik, Domen"]
[Black "Mojzis, Jan"]
[Result "1-0"]
[WhiteElo "2385"]
[BlackElo "2199"]
[PlyCount "57"]
[EventDate "2006.07.21"]
[EventType "swiss"]
[EventRounds "9"]
[EventCountry "CZE"]
[SourceTitle "CBM 113 Extra"]
[Source "ChessBase"]
[SourceDate "2006.09.14"]
[SourceVersion "1"]
[SourceVersionDate "2006.09.14"]
[SourceQuality "1"]

1. d4 d5 2. c4 e6 3. Nc3 c5 4. cxd5 exd5 5. Nf3 Nc6 6. g3 Nf6 7. Bg2 Be7 8. 0-0 0-0 9. h3 h6 10. Be3 c4 11. b3 Bb4 12. Qc2 Bf5 13. Qxf5 Bxc3 14. Rab1 Ne4 15. bxc4 Nb4 16. cxd5 Nd6 17. Qh5 Nxa2 18. Bf4 Nb4 19. Rfc1 Rc8 20. Rxc3 Rxc3 21. Rxb4 b6 22. Ne5 Re8 23. Qg4 Qf6 24. e4 g5 25. h4 Qg7 26. hxg5 hxg5 27. Bxg5 b5 28. Qf4 Rec8 29. Bf6 1-0

[Event "Nachod op"]
[Site "Nachod"]
[Date "2006.07.04"]
[Round "4"]
[White "Mojzis, Jan"]
[Black "Lewandowski, Marek"]
[Result "1-0"]
[WhiteElo "2199"]
[BlackElo "1932"]
[PlyCount "99"]
[EventDate "2006.07.01"]
[EventType "swiss"]
[EventRounds "9"]
[EventCountry "CZE"]
[SourceTitle "CBM 113 Extra"]
[Source "ChessBase"]
[SourceDate "2006.09.14"]
[SourceVersion "1"]
[SourceVersionDate "2006.09.14"]
[SourceQuality "1"]

1. e4 c5 2. Nc3 Nc6 3. Nf3 e5 4. Bc4 d6 5. d3 Be7 6. h3 h6 7. 0-0 Nf6 8. Nh2 Be6 9. Nd5 Bxd5 10. exd5 Nb8 11. f4 Nbd7 12. Ng4 0-0 13. Bb3 Kh8 14. fxe5 Nxe5 15. Nxe5 dxe5 16. Qf3 Bd6 17. Bxh6 Nh7 18. Bd2 f5 19. Qh5 f4 20. c4 Rf6 21. Qh4 Qe8 22. Rae1 Rh6 23. Qf2 Qg6 24. Kh2 Ng5 25. Bd1 f3 26. Bxg5 Qxg5 27. Re4 fxg2 28. Qxg2 Qxg2+ 29. Kxg2 Rf6 30. Rh4+ Kg8 31. Rxf6 gxf6 32. Bg4 Kg7 33. Bf5 Rh8 34. Rg4+ Kf8 35. Be6 b6 36. Rg6 Be7 37. Kg3 a5 38. Kg4 Ke8 39. Rg8+ Rxg8+ 40. Bxg8 Kf8 41. Be6 Kg7 42. Kf5 Bf8 43. h4 Bd6 44. Bd7 Kf7 45. Ba4 Bf8 46. Bd1 Bh6 47. Bh5+ Ke7 48. Kg6 Bf4 49. Bg4 Bc1 50. b3 1-0

[Event "CZE-chT2c 0506"]
[Site "Czech Republic"]
[Date "2006.02.12"]
[Round "7.2"]
[White "Koubek, Vaclav1"]
[Black "Mojzis, Jan"]
[Result "1/2-1/2"]
[WhiteElo "2181"]
[BlackElo "2214"]
[PlyCount "40"]
[EventDate "2005.10.16"]
[EventType "team-tourn"]
[EventRounds "11"]
[EventCountry "CZE"]
[SourceTitle "EXT 2009"]
[Source "ChessBase"]
[SourceDate "2008.11.26"]
[SourceVersion "1"]
[SourceVersionDate "2008.11.26"]
[SourceQuality "1"]
[WhiteTeam "Praha Praga II"]
[BlackTeam "Nachod"]
[WhiteTeamCountry "CZE"]
[BlackTeamCountry "CZE"]

1. e4 e6 2. d4 d5 3. e5 c5 4. c3 Nc6 5. Nf3 Qb6 6. Be2 cxd4 7. cxd4 Nge7 8. Na3 Nf5 9. Nc2 Be7 10. 0-0 Bd7 11. b3 Rc8 12. Bb2 0-0 13. Bd3 a5 14. Ne3 Nxe3 15. fxe3 f5 16. exf6 Bxf6 17. Qe2 Nb4 18. Ne5 Bxe5 19. Rxf8+ Rxf8 20. dxe5 Nxd3 1/2-1/2

[Event "CZE-chT2c 0506"]
[Site "Czech Republic"]
[Date "2005.10.16"]
[Round "1.2"]
[White "Mojzis, Jan"]
[Black "Sykora, Josef"]
[Result "1/2-1/2"]
[WhiteElo "2214"]
[BlackElo "2131"]
[PlyCount "31"]
[EventDate "2005.10.16"]
[EventType "team-tourn"]
[EventRounds "11"]
[EventCountry "CZE"]
[SourceTitle "EXT 2009"]
[Source "ChessBase"]
[SourceDate "2008.11.26"]
[SourceVersion "1"]
[SourceVersionDate "2008.11.26"]
[SourceQuality "1"]
[WhiteTeam "Nachod"]
[BlackTeam "AVE Kontakt"]
[WhiteTeamCountry "CZE"]
[BlackTeamCountry "CZE"]

1. e4 c6 2. d4 d5 3. Nd2 dxe4 4. Nxe4 Nd7 5. Ng5 Ngf6 6. Bd3 e6 7. N1f3 Bd6 8. Qe2 h6 9. Ne4 Nxe4 10. Qxe4 Qc7 11. Qg4 Kf8 12. 0-0 b6 13. b3 Bb7 14. Bb2 Nf6 15. Qh3 Nd5 16. Ne5 1/2-1/2